000 00515nmm a2200169Ia 4500
008 251105s9999||||xx |||||||||||||||||und||
020 _a9789587380309
041 _aspa
100 _aMaldonado Castañeda, Carlos Eduardo (ed.)
245 0 _aComplejidad: revolución científica y teoría
264 _a[Bogotá, Colombia] :
_bUniversidad del Rosario,
_c2009
300 _a182 páginas
490 _aComplejidad
650 _aSciences
856 _uhttps://public.digitaliapublishing.com/a/10219
942 _cCF
999 _c95654
_d95654